[Event "Junior Online 4NCL Division 4"]
[Site "online"]
[Date "2020.10.15"]
[Round "5.16"]
[White "Taylor, Kai"]
[Black "Mallia, Luca"]
[Result "1-0"]
[WhiteElo "1300"]
[BlackElo "1000"]
[PlyCount "129"]
[EventDate "2020.10.15"]
[WhiteTeam "York"]
[BlackTeam "Surrey Kings 3"]

1. e4 e5 2. Nf3 Nc6 3. Nc3 Nf6 4. Bb5 Bc5 5. h3 d6 6. d3 O-O 7. O-O a6 8. Bc4
b5 9. Bd5 Bb7 10. Be3 Re8 11. Re1 h6 12. Bxc6 Bxc6 13. d4 Bb4 14. d5 Bb7 15. a3
Bxc3 16. bxc3 Nxe4 17. Qd3 f5 18. c4 bxc4 19. Qxc4 Rb8 20. Rab1 g5 21. Ba7 Ra8
22. Rxb7 g4 23. hxg4 fxg4 24. Nh2 Nd2 25. Qd3 Qg5 26. Be3 Qh4 27. g3 Qf6 28.
Qxd2 e4 29. Nxg4 Qf3 30. Nxh6+ Kf8 31. Reb1 a5 32. Rxc7 Qf6 33. Rf7+ Qxf7 34.
Nxf7 Kxf7 35. a4 Rh8 36. Bf4 Kf6 37. Bxd6 Ra7 38. Bc5 Rah7 39. Bd4+ Kg6 40.
Bxh8 Rxh8 41. Qxa5 Rd8 42. Qa6+ Kg5 43. f4+ Kg4 44. Kg2 Rxd5 45. Rb5 Rd2+ 46.
Kh1 Kxg3 47. Qg6+ Kxf4 48. c4 Kf3 49. c5 e3 50. Qh5+ Kg3 51. Qg5+ Kf3 52. Qh5+
Kg3 53. c6 e2 54. Rb1 Kf2 55. Qf5+ Kg3 56. Qg5+ Kf3 57. Qxd2 Kf2 58. Re1 Kf3
59. Rxe2 Kg3 60. Qd3+ Kf4 61. Re4+ Kf5 62. Qd5+ Kf6 63. Re6+ Kf7 64. Qd7+ Kf8
65. Re8# 1-0

[Event "Junior Online 4NCL Division 4"]
[Site "online"]
[Date "2020.10.15"]
[Round "5.17"]
[White "Fairrie, Ralph"]
[Black "Leatham, Bertie"]
[Result "0-1"]
[WhiteElo "1000"]
[BlackElo "1225"]
[PlyCount "52"]
[EventDate "2020.10.15"]
[WhiteTeam "Surrey Kings 3"]
[BlackTeam "York"]

1. e4 e5 2. Nf3 Nc6 3. Bc4 Nf6 4. d3 Bc5 5. Nc3 O-O 6. Bg5 h6 7. Bxf6 Qxf6 8.
Nd5 Qd8 9. g3 d6 10. Nh4 Bh3 11. Rg1 Qd7 12. Ng2 Bg4 13. f3 Bxf3 14. Qxf3 Bxg1
15. Bb5 Bc5 16. Bc4 Nd4 17. Nf6+ gxf6 18. Qxf6 Qg4 19. Qf1 Nxc2+ 20. Kd2 Nxa1
21. Nh4 Bb4+ 22. Kc1 Qg5+ 23. Kb1 Qd2 24. Ng6 Qe1+ 25. Qxe1 Bxe1 26. Kxa1 Rfe8
0-1

[Event "Junior Online 4NCL Division 4"]
[Site "online"]
[Date "2020.10.15"]
[Round "5.19"]
[White "Kumaar, Sai Chinmayee N"]
[Black "Carter, Olvier"]
[Result "1-0"]
[WhiteElo "1472"]
[BlackElo "1000"]
[PlyCount "25"]
[EventDate "2020.10.15"]
[WhiteTeam "York"]
[BlackTeam "Surrey Kings 3"]

1. d4 d5 2. Bf4 Bf5 3. e3 e6 4. Nf3 Nc6 5. c3 Nf6 6. Nbd2 Ne4 7. Nxe4 dxe4 8.
Ne5 Qh4 9. Qa4 Bd6 10. Nxc6 Kd7 11. Ne5+ Ke7 12. Qd7+ Kf6 13. Qxf7# 1-0

[Event "Junior Online 4NCL Division 4"]
[Site "online"]
[Date "2020.10.15"]
[Round "5.20"]
[White "Mallia, Luca"]
[Black "Taylor, Kai"]
[Result "0-1"]
[WhiteElo "1000"]
[BlackElo "1300"]
[PlyCount "132"]
[EventDate "2020.10.15"]
[WhiteTeam "Surrey Kings 3"]
[BlackTeam "York"]

1. e4 e5 2. Nf3 Nc6 3. Bc4 h6 4. d3 Nf6 5. Nc3 Bc5 6. h3 d6 7. O-O O-O 8. a3
Be6 9. b4 Bd4 10. Bb2 Re8 11. b5 Na5 12. Bxe6 fxe6 13. Re1 Nc4 14. dxc4 d5 15.
exd5 Bxc3 16. Bxc3 e4 17. Nd4 exd5 18. cxd5 c6 19. bxc6 bxc6 20. dxc6 Rc8 21.
Rb1 a6 22. Rb7 Kh7 23. f3 a5 24. Qb1 Rc7 25. Rb5 a4 26. Ba5 Qxd4+ 27. Kh2 Rxc6
28. Rb4 Qe5+ 29. Kg1 Qxa5 30. Rb5 Qa7+ 31. Kh1 Rcc8 32. g4 Rb8 33. f4 Rxb5 34.
Qxb5 Rb8 35. Qf5+ Kh8 36. g5 Qf2 37. Rg1 Nh5 38. Qxe4 Ng3+ 39. Rxg3 Qxg3 40.
Qe5 Rb2 41. Qxb2 Qxh3+ 42. Kg1 Qg3+ 43. Kf1 Qxf4+ 44. Ke2 Qxg5 45. Kd3 Qh4 46.
Qb8+ Kh7 47. c3 Qh3+ 48. Kd4 Qg4+ 49. Ke5 Qg3+ 50. Kf5 Qxb8 51. c4 Qb3 52. c5
Qc3 53. Ke6 Qxc5 54. Kd7 Qc3 55. Ke7 Qxa3+ 56. Kf7 Qc3 57. Ke6 a3 58. Kf5 a2
59. Ke4 a1=R 60. Kf5 Qc6 61. Kg4 Ra5 62. Kf4 Qa4+ 63. Ke3 Qb4 64. Kf3 Ra3+ 65.
Ke2 Qb2+ 66. Ke1 Ra1# 0-1

[Event "Junior Online 4NCL Division 4"]
[Site "online"]
[Date "2020.10.15"]
[Round "5.21"]
[White "Leatham, Bertie"]
[Black "Fairrie, Ralph"]
[Result "1-0"]
[WhiteElo "1225"]
[BlackElo "1000"]
[PlyCount "39"]
[EventDate "2020.10.15"]
[WhiteTeam "York"]
[BlackTeam "Surrey Kings 3"]

1. e4 e5 2. Nf3 Nc6 3. Bc4 Bc5 4. c3 d6 5. d4 exd4 6. cxd4 Bxd4 7. Nxd4 Nxd4 8.
Qxd4 Qg5 9. Bxg5 c5 10. Qxg7 d5 11. Qxh8 dxc4 12. Qxg8+ Kd7 13. Qxf7+ Kc6 14.
Qd5+ Kb6 15. Bd8+ Kb5 16. Nc3+ Kb4 17. a3+ Kb3 18. Qd1+ Kxb2 19. Rb1+ Kxc3 20.
Bf6# 1-0

[Event "Junior Online 4NCL Division 4"]
[Site "online"]
[Date "2020.10.15"]
[Round "5.22"]
[White "Saraty, Thomas"]
[Black "Meyers, Grace"]
[Result "0-1"]
[WhiteElo "962"]
[BlackElo "925"]
[PlyCount "32"]
[EventDate "2020.10.15"]
[WhiteTeam "Surrey Kings 3"]
[BlackTeam "York"]

1. e4 e5 2. Nf3 Nc6 3. Bd3 Nf6 4. Nc3 Bc5 5. b3 O-O 6. O-O b6 7. Re1 Bb7 8. Na4
Qe7 9. Nxc5 Qxc5 10. Bb2 Ng4 11. h3 Nxf2 12. Kf1 Nxd3 13. Qe2 Nxe1 14. Qxe1
Ba6+ 15. Qe2 Bxe2+ 16. Kxe2 Nd4+ 0-1

[Event "Junior Online 4NCL Division 4"]
[Site "online"]
[Date "2020.10.15"]
[Round "5.25"]
[White "Wang, Yile"]
[Black "Querfurth Waterman, Maya"]
[Result "1-0"]
[WhiteElo "1195"]
[BlackElo "850"]
[PlyCount "39"]
[EventDate "2020.10.15"]
[WhiteTeam "Ojays G"]
[BlackTeam "Eden Primary Knights"]

1. e4 e5 2. Nf3 Nc6 3. Bc4 Nf6 4. Ng5 Qe7 5. Nc3 Qb4 6. Bxf7+ Ke7 7. Bd5 Rg8 8.
Bxg8 Kd8 9. a3 Bc5 10. axb4 Bb6 11. Bd5 Nxb4 12. Nf7+ Ke8 13. Nxe5 Nbxd5 14.
Nxd5 Nxd5 15. exd5 d6 16. Nc4 Bc5 17. Qe2+ Kf8 18. O-O Bf5 19. Re1 Re8 20.
Qxe8# 1-0

[Event "Junior Online 4NCL Division 4"]
[Site "online"]
[Date "2020.10.15"]
[Round "5.26"]
[White "Book, Zachery"]
[Black "Baker, Lawrence"]
[Result "0-1"]
[WhiteElo "850"]
[BlackElo "1195"]
[PlyCount "40"]
[EventDate "2020.10.15"]
[WhiteTeam "Eden Primary Knights"]
[BlackTeam "Ojays G"]

1. e4 e5 2. Bb5 Nf6 3. Be2 Nc6 4. Nc3 d5 5. exd5 Nxd5 6. Nxd5 Qxd5 7. Bf3 e4 8.
Bh5 g6 9. Be2 Bd6 10. Kf1 Bf5 11. g4 Be6 12. c4 Qg5 13. Nh3 Qe7 14. g5 Bxh3+
15. Ke1 Qxg5 16. f4 Bxf4 17. Rf1 Bxf1 18. Kxf1 Bxh2 19. Kf2 Qg3+ 20. Kf1 Qg1#
0-1

[Event "Junior Online 4NCL Division 4"]
[Site "online"]
[Date "2020.10.15"]
[Round "5.27"]
[White "Gascoyne, Thomas"]
[Black "Ackerman, Jesse"]
[Result "1-0"]
[WhiteElo "1187"]
[BlackElo "850"]
[PlyCount "31"]
[EventDate "2020.10.15"]
[WhiteTeam "Ojays G"]
[BlackTeam "Eden Primary Knights"]

1. e4 e5 2. Nf3 d5 3. exd5 Bf5 4. Nxe5 Bc5 5. Nc3 Bc8 6. Nf3 Qf6 7. d4 Bb6 8.
d6 c5 9. Nd5 cxd4 10. Nxf6+ Nxf6 11. Bb5+ Nbd7 12. Qe2+ Ne4 13. Qxe4+ Kd8 14.
Bg5+ f6 15. Bf4 Nc5 16. Qe7# 1-0

[Event "Junior Online 4NCL Division 4"]
[Site "online"]
[Date "2020.10.15"]
[Round "5.28"]
[White "Lasserson, Gabriel"]
[Black "Conlon, George"]
[Result "1-0"]
[WhiteElo "800"]
[BlackElo "1120"]
[PlyCount "29"]
[EventDate "2020.10.15"]
[WhiteTeam "Eden Primary Knights"]
[BlackTeam "Ojays G"]

1. e4 d5 2. exd5 Nf6 3. Nc3 Nxd5 4. Nxd5 Qxd5 5. d4 Nc6 6. Nf3 Bg4 7. Be2 O-O-O
8. c4 Qd7 9. d5 Nb4 10. Bd2 Bxf3 11. Bxf3 Nd3+ 12. Ke2 Nxb2 13. Qb1 Nxc4 14. d6
Nxd2 15. Qxb7# 1-0

[Event "Junior Online 4NCL Division 4"]
[Site "online"]
[Date "2020.10.15"]
[Round "5.29"]
[White "Querfurth Waterman, Maya"]
[Black "Wang, Yile"]
[Result "0-1"]
[WhiteElo "850"]
[BlackElo "1195"]
[PlyCount "48"]
[EventDate "2020.10.15"]
[WhiteTeam "Eden Primary Knights"]
[BlackTeam "Ojays G"]

1. e4 e5 2. Bc4 Nf6 3. Nf3 Nc6 4. Ng5 d5 5. exd5 Nxd5 6. O-O Qxg5 7. d4 Bh3 8.
Bxg5 f6 9. Bxf6 Nxf6 10. gxh3 Rd8 11. Bb5 Rxd4 12. Bxc6+ bxc6 13. Qe2 Bd6 14.
Rd1 Rh4 15. Qf3 O-O 16. Qxc6 Rxh3 17. Qa6 e4 18. Qxa7 Bxh2+ 19. Kf1 Bf4 20. Nc3
e3 21. fxe3 Bxe3 22. Re1 Bxa7 23. Re2 Rg3 24. Rae1 Rg1# 0-1

[Event "Junior Online 4NCL Division 4"]
[Site "online"]
[Date "2020.10.15"]
[Round "5.30"]
[White "Baker, Lawrence"]
[Black "Book, Zachery"]
[Result "1-0"]
[WhiteElo "1195"]
[BlackElo "850"]
[PlyCount "23"]
[EventDate "2020.10.15"]
[WhiteTeam "Ojays G"]
[BlackTeam "Eden Primary Knights"]

1. e4 e5 2. f4 exf4 3. Nf3 Nf6 4. Nc3 Nc6 5. d4 d5 6. exd5 Na5 7. Bxf4 Nh5 8.
Qe2+ Kd7 9. g3 Nxf4 10. gxf4 b5 11. Bh3+ Kd6 12. Qe5# 1-0

[Event "Junior Online 4NCL Division 4"]
[Site "online"]
[Date "2020.10.15"]
[Round "5.31"]
[White "Ackerman, Jesse"]
[Black "Gascoyne, Thomas"]
[Result "0-1"]
[WhiteElo "850"]
[BlackElo "1187"]
[PlyCount "58"]
[EventDate "2020.10.15"]
[WhiteTeam "Eden Primary Knights"]
[BlackTeam "Ojays G"]

1. e4 e5 2. Bc4 Nf6 3. Qf3 Bc5 4. g4 h6 5. g5 hxg5 6. h4 Rxh4 7. Rxh4 gxh4 8.
d4 Bxd4 9. Bg5 Bxb2 10. Bxf6 gxf6 11. Qh5 Qe7 12. Nh3 Bxa1 13. Ng5 fxg5 14. Nc3
Bxc3+ 15. Kd1 d6 16. Bb5+ c6 17. Bc4 g4 18. Qh8+ Kd7 19. Qh5 Kc7 20. a4 Na6 21.
a5 Nc5 22. Qh6 Nxe4 23. Qh7 Nxf2+ 24. Kc1 g3 25. Bxf7 g2 26. Kb1 g1=Q+ 27. Ka2
Be6+ 28. Bxe6 Qxh7 29. Bb3 Qa1# 0-1

[Event "Junior Online 4NCL Division 4"]
[Site "online"]
[Date "2020.10.15"]
[Round "5.32"]
[White "Conlon, George"]
[Black "Lasserson, Gabriel"]
[Result "1-0"]
[WhiteElo "1120"]
[BlackElo "800"]
[PlyCount "31"]
[EventDate "2020.10.15"]
[WhiteTeam "Ojays G"]
[BlackTeam "Eden Primary Knights"]

1. e4 e5 2. Nf3 d6 3. Bc4 c6 4. Nc3 Nd7 5. O-O d5 6. exd5 cxd5 7. Bxd5 Bc5 8.
d4 Bxd4 9. Nxd4 exd4 10. Qxd4 Ndf6 11. Bxf7+ Kxf7 12. Qxd8 a6 13. Re1 Ng4 14.
Qe8+ Kf6 15. Nd5+ Kf5 16. Qe4# 1-0

[Event "Junior Online 4NCL Division 4"]
[Site "online"]
[Date "2020.10.15"]
[Round "5.35"]
[White "De Sousa Muachikape, Jael"]
[Black "Wilkinson, Bernard"]
[Result "1-0"]
[WhiteElo "1607"]
[BlackElo "1075"]
[PlyCount "69"]
[EventDate "2020.10.15"]
[WhiteTeam "Leeds Juniors 1"]
[BlackTeam "Cambridge Chess & Go C"]

1. d4 d5 2. c4 dxc4 3. Nf3 Nc6 4. e3 Be6 5. Nc3 Nf6 6. e4 Bg4 7. Be3 Bxf3 8.
gxf3 e5 9. d5 Nb4 10. Bxc4 Bd6 11. a3 O-O 12. axb4 Bxb4 13. Qb3 Qd6 14. Kf1 a6
15. Be2 b6 16. Rg1 h6 17. Bxh6 Nxe4 18. Nxe4 Qxh6 19. Qxb4 Qxh2 20. Ng5 Rae8
21. Qg4 f5 22. Qg3 Qh6 23. Ne6 Rf6 24. Qxg7+ Qxg7 25. Rxg7+ Kh8 26. Rxc7 e4 27.
Rxa6 exf3 28. Bxf3 b5 29. Raa7 Rh6 30. d6 Rhxe6 31. Re7 f4 32. Rxe8+ Rxe8 33.
Re7 Rg8 34. Be4 b4 35. Rh7# 1-0

[Event "Junior Online 4NCL Division 4"]
[Site "online"]
[Date "2020.10.15"]
[Round "5.36"]
[White "Syposz, Iza"]
[Black "Rowe, Angelica"]
[Result "0-1"]
[WhiteElo "1007"]
[BlackElo "1330"]
[PlyCount "34"]
[EventDate "2020.10.15"]
[WhiteTeam "Cambridge Chess & Go C"]
[BlackTeam "Leeds Juniors 1"]

1. e4 c6 2. Nf3 d5 3. exd5 cxd5 4. Bb5+ Bd7 5. Bxd7+ Nxd7 6. O-O e5 7. Qe1 e4
8. Nd4 Bc5 9. c3 Ne7 10. Na3 O-O 11. b4 Bd6 12. Nab5 Bb8 13. d3 exd3 14. Bg5 f6
15. Bh4 a6 16. Na3 Qc7 17. Ne6 Qxh2# 0-1

[Event "Junior Online 4NCL Division 4"]
[Site "online"]
[Date "2020.10.15"]
[Round "5.37"]
[White "Sasikumar, Navaneeth"]
[Black "Soni, Raghhav"]
[Result "1-0"]
[WhiteElo "1300"]
[BlackElo "762"]
[PlyCount "45"]
[EventDate "2020.10.15"]
[WhiteTeam "Leeds Juniors 1"]
[BlackTeam "Cambridge Chess & Go C"]

1. d4 d5 2. Bf4 e6 3. Nf3 c6 4. e3 Bd6 5. Bg3 e5 6. Bxe5 Bxe5 7. Nxe5 Ne7 8.
Bd3 O-O 9. Nd2 Qd6 10. c3 Qd8 11. Qc2 Qd6 12. Bxh7+ Kh8 13. Bd3 Qf6 14. Ndf3
Qg5 15. Rg1 Qh6 16. g4 Qxh2 17. Nxh2 Bd7 18. Nxd7 Nxd7 19. Nf3 Nc5 20. Rh1+ Kg8
21. Bh7+ Kh8 22. Bg8+ Kxg8 23. Qh7# 1-0

[Event "Junior Online 4NCL Division 4"]
[Site "online"]
[Date "2020.10.15"]
[Round "5.38"]
[White "Soni, Manvi"]
[Black "Yerabati, Suhrith"]
[Result "0-1"]
[WhiteElo "800"]
[BlackElo "1262"]
[PlyCount "52"]
[EventDate "2020.10.15"]
[WhiteTeam "Cambridge Chess & Go C"]
[BlackTeam "Leeds Juniors 1"]

1. e4 c6 2. d4 d5 3. Nc3 dxe4 4. Nxe4 Bf5 5. Nc3 Nf6 6. Nb1 e6 7. Bd3 Qxd4 8.
c3 Qxd3 9. Bd2 Bc5 10. Qe2 Qd5 11. b3 Qxg2 12. Qe3 Bxe3 13. h3 Qxh1 14. Bxe3
Qxg1+ 15. Ke2 O-O 16. Nd2 Qxa1 17. a4 Qxc3 18. Ne4 Bxe4 19. f3 Qd3+ 20. Kf2
Bxf3 21. Bd2 Qe2+ 22. Kg3 Ne4+ 23. Kf4 g5+ 24. Ke5 Nd7+ 25. Kd4 Qxd2+ 26. Kc4
Nb6# 0-1

[Event "Junior Online 4NCL Division 4"]
[Site "online"]
[Date "2020.10.15"]
[Round "5.39"]
[White "Wilkinson, Bernard"]
[Black "De Sousa Muachikape, Jael"]
[Result "0-1"]
[WhiteElo "1075"]
[BlackElo "1607"]
[PlyCount "44"]
[EventDate "2020.10.15"]
[WhiteTeam "Cambridge Chess & Go C"]
[BlackTeam "Leeds Juniors 1"]

1. b3 f5 2. Bb2 Nf6 3. e3 e6 4. Bxf6 Qxf6 5. Nc3 Nc6 6. Bb5 Bb4 7. Bxc6 Bxc3 8.
Rc1 Bb2 9. Rb1 bxc6 10. Nf3 Ba6 11. c3 Ba3 12. b4 Bd3 13. Rb3 Qg6 14. Nh4 Qh6
15. Nf3 O-O 16. Rxa3 f4 17. Ne5 Be4 18. Nxd7 Bxg2 19. Nxf8 Bxh1 20. Nd7 Qxh2
21. Ke2 Qh5+ 22. Kf1 Qxd1# 0-1

[Event "Junior Online 4NCL Division 4"]
[Site "online"]
[Date "2020.10.15"]
[Round "5.40"]
[White "Rowe, Angelica"]
[Black "Syposz, Iza"]
[Result "1-0"]
[WhiteElo "1330"]
[BlackElo "1007"]
[PlyCount "65"]
[EventDate "2020.10.15"]
[WhiteTeam "Leeds Juniors 1"]
[BlackTeam "Cambridge Chess & Go C"]

1. e4 e5 2. Bc4 Nf6 3. d4 exd4 4. Nf3 Bb4+ 5. Bd2 Bxd2+ 6. Nbxd2 O-O 7. O-O d5
8. exd5 Nxd5 9. Nxd4 Nf4 10. N2f3 Bf5 11. Nxf5 Nc6 12. Qc1 a6 13. Qxf4 Nb4 14.
Qg3 g6 15. Nh6+ Kg7 16. Nf5+ Kg8 17. Ng5 Qf6 18. Ne3 Rae8 19. Qh4 h5 20. Ng4
Qe7 21. c3 Nc6 22. b3 Ne5 23. Nxe5 Qxe5 24. g4 Qxc3 25. gxh5 gxh5 26. Qxh5 Qg7
27. Kh1 Re5 28. Rg1 Qxg5 29. Rxg5+ Rxg5 30. Qxg5+ Kh7 31. Bd3+ Kh8 32. Qh6+ Kg8
33. Rg1# 1-0

[Event "Junior Online 4NCL Division 4"]
[Site "online"]
[Date "2020.10.15"]
[Round "5.41"]
[White "Soni, Raghhav"]
[Black "Sasikumar, Navaneeth"]
[Result "0-1"]
[WhiteElo "762"]
[BlackElo "1300"]
[PlyCount "88"]
[EventDate "2020.10.15"]
[WhiteTeam "Cambridge Chess & Go C"]
[BlackTeam "Leeds Juniors 1"]

1. e4 c6 2. Nc3 d5 3. Nf3 Bg4 4. Be2 dxe4 5. Nxe4 Nd7 6. Bd3 Ngf6 7. h3 Bh5 8.
g4 Bg6 9. g5 Nxe4 10. Bxe4 Bxe4 11. d3 Bxf3 12. Qxf3 e6 13. a4 Qa5+ 14. c3 Qf5
15. Qxf5 exf5 16. Be3 Bc5 17. Bxc5 Nxc5 18. d4 Nd3+ 19. Kd2 Nxb2 20. Ra2 Nc4+
21. Kd3 Nd6 22. Rha1 h6 23. gxh6 Rxh6 24. f4 Rxh3+ 25. Kc2 Rf3 26. Kd2 Rxf4 27.
Ke3 Re4+ 28. Kd3 O-O-O 29. Kc2 Re2+ 30. Kd1 Rxa2 31. Rxa2 Re8 32. Kc1 Nc4 33.
Ra3 Nxa3 34. Kb2 f4 35. Kxa3 f3 36. Kb2 f2 37. Kc2 f1=Q 38. Kd2 Re2+ 39. Kd3
Rb2+ 40. Ke4 Qe2+ 41. Kf5 Rb1 42. Kf4 Rf1+ 43. Kg5 Qg2+ 44. Kh5 Rh1# 0-1

[Event "Junior Online 4NCL Division 4"]
[Site "online"]
[Date "2020.10.15"]
[Round "5.45"]
[White "Agrawal, Sahil"]
[Black "Elisseev-Siuda, Ivan"]
[Result "0-1"]
[WhiteElo "1247"]
[BlackElo "1225"]
[PlyCount "70"]
[EventDate "2020.10.15"]
[WhiteTeam "Leeds Juniors 2"]
[BlackTeam "Manchester Juniors D"]

1. e4 e5 2. Nf3 Nc6 3. Bc4 Bc5 4. c3 Nf6 5. d3 O-O 6. Bg5 h6 7. Bh4 d6 8. O-O
Bg4 9. Nbd2 Bd4 10. cxd4 Nxd4 11. h3 Bh5 12. Bb3 Nxb3 13. Qxb3 Qd7 14. Bxf6
gxf6 15. Qxb7 Qa4 16. Qb3 Qa5 17. Qc3 Qb5 18. Qc4 Qxb2 19. Rfb1 Qa3 20. Qxc7
Qxd3 21. Rb4 Bxf3 22. Nxf3 Rac8 23. Qxa7 Qc3 24. Rb3 Qxa1+ 25. Kh2 h5 26. Nh4
Qe1 27. Rg3+ Kh8 28. Nf5 Rc1 29. Rb3 Qh1+ 30. Kg3 Rg8+ 31. Kf3 Qxg2+ 32. Ke2
Rc2+ 33. Ke3 Qxh3+ 34. Ng3 Rxg3+ 35. fxg3 Qxg3# 0-1

[Event "Junior Online 4NCL Division 4"]
[Site "online"]
[Date "2020.10.15"]
[Round "5.46"]
[White "Correa, Edward"]
[Black "Yerabati, Samiksha"]
[Result "1-0"]
[WhiteElo "1187"]
[BlackElo "1232"]
[PlyCount "135"]
[EventDate "2020.10.15"]
[WhiteTeam "Manchester Juniors D"]
[BlackTeam "Leeds Juniors 2"]

1. e4 e5 2. Nf3 Nc6 3. d4 exd4 4. Bc4 Bb4+ 5. c3 dxc3 6. bxc3 Bc5 7. O-O Nf6 8.
Bg5 O-O 9. Nbd2 d6 10. Bxf6 Qxf6 11. Qc2 Bg4 12. Be2 Qg6 13. Rac1 Bh3 14. Nh4
Qg5 15. Ndf3 Qg4 16. Kh1 Bxg2+ 17. Nxg2 Rae8 18. Nfe1 Qg6 19. Bd3 Re5 20. Nf3
Re7 21. e5 Qg4 22. Bxh7+ Kh8 23. Qf5 Qxf5 24. Bxf5 dxe5 25. Be4 f5 26. Bxc6
bxc6 27. Nd2 Rf6 28. f3 Rh6 29. h4 Ree6 30. Kh2 Reg6 31. Rh1 Bd6 32. Nf1 e4+
33. Kh3 exf3 34. Nge3 Bf4 35. Re1 f2 36. Re2 Bg5 37. Nxf5 Rh5 38. Rxf2 Rf6 39.
Kg4 g6 40. N1g3 Be3 41. Rf3 Rhxf5 42. Nxf5 gxf5+ 43. Rxf5 Rg6+ 44. Kf3 Bb6 45.
h5 Rg7 46. h6 Re7 47. Rg5 Be3 48. Rg6 c5 49. Re1 Kh7 50. Rc6 Bg5 51. Rxe7+ Bxe7
52. Ke4 Bd6 53. Rxd6 cxd6 54. Kd5 Kxh6 55. Kxd6 Kg6 56. Kxc5 Kf6 57. Kd6 Kf7
58. c4 Ke8 59. c5 Kd8 60. a3 Kc8 61. Kc6 a5 62. a4 Kd8 63. Kb7 Kd7 64. c6+ Kd8
65. c7+ Kd7 66. c8=Q+ Kd6 67. Kb6 Ke7 68. Kxa5 1-0

[Event "Junior Online 4NCL Division 4"]
[Site "online"]
[Date "2020.10.15"]
[Round "5.47"]
[White "Hara, Narita"]
[Black "Topping, Rachel"]
[Result "0-1"]
[WhiteElo "1180"]
[BlackElo "1127"]
[PlyCount "36"]
[EventDate "2020.10.15"]
[WhiteTeam "Leeds Juniors 2"]
[BlackTeam "Manchester Juniors D"]

1. d4 d5 2. Nf3 Nc6 3. e3 a6 4. Nc3 Nf6 5. Bd3 Bg4 6. h3 Bd7 7. Qe2 e6 8. e4
Bb4 9. Bg5 h6 10. Bh4 g5 11. Bg3 dxe4 12. Bxe4 Qe7 13. Bxc6 Bxc6 14. Bxc7 Qxc7
15. Ne5 O-O-O 16. Nxf7 Qxf7 17. Rg1 Rxd4 18. Qe3 Re4 0-1

[Event "Junior Online 4NCL Division 4"]
[Site "online"]
[Date "2020.10.15"]
[Round "5.48"]
[White "Sheehy, Lewis"]
[Black "Birolo, Enzo Bez"]
[Result "1-0"]
[WhiteElo "1067"]
[BlackElo "977"]
[PlyCount "165"]
[EventDate "2020.10.15"]
[WhiteTeam "Manchester Juniors D"]
[BlackTeam "Leeds Juniors 2"]

1. e4 c6 2. Nf3 d5 3. Nc3 Bg4 4. h3 Bxf3 5. Qxf3 e6 6. Bd3 Bb4 7. Na4 b5 8. a3
Bd6 9. Nc3 b4 10. axb4 Bxb4 11. Na4 Nf6 12. c3 Bd6 13. b4 dxe4 14. Bxe4 Nxe4
15. Qxe4 O-O 16. b5 Qc7 17. c4 a6 18. Nc3 axb5 19. Rxa8 bxc4 20. Ra4 Nd7 21.
Rxc4 Nf6 22. Rxc6 Qb7 23. Qc4 Be7 24. Rc7 Qxg2 25. Rf1 Bd8 26. Ba3 Re8 27. Rc8
Qb7 28. Rc5 Qa7 29. Bb2 h6 30. Ne2 Be7 31. Rc7 Qb8 32. Bxf6 Bxf6 33. Qc6 Rf8
34. Nf4 Be5 35. Nxe6 fxe6 36. Qxe6+ Kh8 37. Qxe5 Re8 38. Re7 Qxe5+ 39. Rxe5
Rxe5+ 40. Kd1 Kh7 41. Rg1 g5 42. h4 gxh4 43. Rg4 Rh5 44. Rg1 h3 45. Rh1 h2 46.
Ke1 Rh3 47. Kf1 Ra3 48. Rxh2 Ra1+ 49. Ke2 Ra2 50. f4 h5 51. Rxh5+ Kg6 52. Rg5+
Kf6 53. Ke3 Ra3+ 54. Ke4 Ra1 55. Rd5 Ke6 56. f5+ Kf6 57. Rd6+ Kf7 58. Ke5 Re1+
59. Kd5 Re2 60. d4 Re3 61. Re6 Rf3 62. Ke4 Rf1 63. d5 Re1+ 64. Kd4 Rd1+ 65. Ke5
Re1+ 66. Kd6 Rxe6+ 67. fxe6+ Ke8 68. e7 Kf7 69. Kd7 Kf6 70. e8=Q Kf5 71. Qe7
Kf4 72. Qe6 Kf3 73. Qe5 Kg4 74. Qf6 Kg3 75. Qf5 Kg2 76. Qf4 Kg1 77. Qf3 Kh2 78.
Qg4 Kh1 79. Ke6 Kh2 80. Kf5 Kh1 81. Kf4 Kh2 82. Kf3 Kh1 83. Qg2# 1-0

[Event "Junior Online 4NCL Division 4"]
[Site "online"]
[Date "2020.10.15"]
[Round "5.49"]
[White "Elisseev-Siuda, Ivan"]
[Black "Agrawal, Sahil"]
[Result "0-1"]
[WhiteElo "1225"]
[BlackElo "1247"]
[PlyCount "28"]
[EventDate "2020.10.15"]
[WhiteTeam "Manchester Juniors D"]
[BlackTeam "Leeds Juniors 2"]

1. e4 c5 2. Nf3 Nc6 3. Bc4 e6 4. Nc3 Nf6 5. O-O d5 6. exd5 exd5 7. Bb5 d4 8.
Na4 Bd7 9. d3 a6 10. Bc4 b5 11. Bb3 Na5 12. Nb6 Qxb6 13. Ng5 Nxb3 14. cxb3 Be7
0-1

[Event "Junior Online 4NCL Division 4"]
[Site "online"]
[Date "2020.10.15"]
[Round "5.50"]
[White "Yerabati, Samiksha"]
[Black "Correa, Edward"]
[Result "1-0"]
[WhiteElo "1232"]
[BlackElo "1187"]
[PlyCount "97"]
[EventDate "2020.10.15"]
[WhiteTeam "Leeds Juniors 2"]
[BlackTeam "Manchester Juniors D"]

1. e4 c5 2. Nf3 e6 3. d4 cxd4 4. Nxd4 Nf6 5. Nc3 d6 6. Bg5 Be7 7. Bb5+ Bd7 8.
Qe2 a6 9. Bd3 Nc6 10. Nb3 Qc7 11. f3 Nb4 12. a3 Nxd3+ 13. Qxd3 b6 14. Nd4 e5
15. Nf5 Bxf5 16. exf5 Nh5 17. Bxe7 Qxe7 18. Nd5 Nf4 19. Nxf4 exf4+ 20. Kd2 O-O
21. Rae1 Qg5 22. Reg1 d5 23. Kc1 Rfd8 24. h4 Qh6 25. Qd4 Qf6 26. Qxf4 Qh6 27.
Qxh6 gxh6 28. g4 f6 29. Re1 Rd6 30. Re6 Rxe6 31. fxe6 Re8 32. Re1 Kg7 33. f4
Kg6 34. f5+ Kg7 35. Kd2 Rd8 36. Kc3 Rc8+ 37. Kd4 Kf8 38. c3 Ke7 39. Kxd5 Rc5+
40. Kd4 a5 41. b4 axb4 42. axb4 Rc7 43. c4 Rc8 44. c5 bxc5+ 45. bxc5 Rc7 46.
Rb1 Ke8 47. Rb8+ Ke7 48. Rh8 Ra7 49. Rxh7+ 1-0

[Event "Junior Online 4NCL Division 4"]
[Site "online"]
[Date "2020.10.15"]
[Round "5.51"]
[White "Topping, Rachel"]
[Black "Hara, Narita"]
[Result "0-1"]
[WhiteElo "1127"]
[BlackElo "1180"]
[PlyCount "96"]
[EventDate "2020.10.15"]
[WhiteTeam "Manchester Juniors D"]
[BlackTeam "Leeds Juniors 2"]

1. e4 e5 2. Nf3 Nc6 3. Nc3 Nf6 4. d4 exd4 5. Nxd4 Bc5 6. Be3 Bb4 7. Bc4 Nxe4 8.
Bxf7+ Kxf7 9. Qf3+ Nf6 10. O-O Bxc3 11. bxc3 Nxd4 12. Bxd4 d5 13. Rae1 Bg4 14.
Qf4 Qd6 15. Be5 Qd7 16. c4 Qf5 17. Qd4 Rhd8 18. Bxc7 Rd7 19. Re5 Qxc2 20. Qc5
Qxc4 21. Rc1 Qxc5 22. Rxc5 Rc8 23. Re1 Rcxc7 24. Rcc1 Rxc1 25. Rxc1 d4 26. f3
Be6 27. Rd1 Bxa2 28. Kf2 d3 29. Ke3 Bc4 30. g4 h5 31. g5 Nd5+ 32. Kd4 Nb6+ 33.
Kc3 a5 34. f4 a4 35. Kb2 Bb3 36. Rd2 Nc4+ 37. Kc3 Nxd2 38. Kxd2 a3 39. Kc3 a2
40. Kb2 d2 41. Kxb3 a1=Q 42. Kb4 d1=Q 43. Kb5 Qd5+ 44. Kb6 Rd6+ 45. Kc7 Qc3+
46. Kb8 Rd8+ 47. Ka7 Qda5+ 48. Kxb7 Qcc7# 0-1

[Event "Junior Online 4NCL Division 4"]
[Site "online"]
[Date "2020.10.15"]
[Round "5.52"]
[White "Birolo, Enzo Bez"]
[Black "Sheehy, Lewis"]
[Result "1/2-1/2"]
[WhiteElo "977"]
[BlackElo "1067"]
[PlyCount "120"]
[EventDate "2020.10.15"]
[WhiteTeam "Leeds Juniors 2"]
[BlackTeam "Manchester Juniors D"]

1. e4 e5 2. Nf3 Nc6 3. Bc4 Nf6 4. d3 d5 5. exd5 Nxd5 6. Bxd5 Qxd5 7. Be3 Bf5 8.
Nbd2 Bc5 9. Bxc5 Qxc5 10. O-O Nd4 11. c3 Nxf3+ 12. Nxf3 Qd6 13. d4 exd4 14.
Re1+ Be6 15. Nxd4 O-O-O 16. Nxe6 fxe6 17. Qxd6 Rxd6 18. g3 Rhd8 19. Kg2 Rd2 20.
Rxe6 Rxb2 21. Re7 Rf8 22. Rf1 Rg8 23. h4 Kd8 24. Rfe1 Rf8 25. R7e2 Rxe2 26.
Rxe2 Kd7 27. Rd2+ Kc6 28. a4 Kc5 29. Rd7 Rg8 30. Rxc7+ Kb6 31. Re7 a6 32. Re5
Rc8 33. a5+ Kc6 34. c4 Kd6 35. Re4 Rc5 36. Rg4 g6 37. Rd4+ Ke5 38. Rd7 Rxc4 39.
Rxb7 Rc5 40. Re7+ Kf6 41. Rxh7 Rxa5 42. Ra7 Kf5 43. f4 Kg4 44. h5 Ra2+ 45. Kf1
gxh5 46. Rg7+ Kf3 47. Ke1 Rg2 48. Rg6 Rxg3 49. Rxa6 Kxf4 50. Ra4+ Kg5 51. Kf2
h4 52. Rb4 Rg4 53. Rb5+ Kf4 54. Rb4+ Kg5 55. Rxg4+ Kxg4 56. Kg2 h3+ 57. Kh2 Kh4
58. Kh1 Kg3 59. Kg1 h2+ 60. Kh1 Kh3 1/2-1/2